| 000 | 01041cam a2200241 4500 | ||
|---|---|---|---|
| 001 | Wb3906-12 | ||
| 008 | 030212n2003 000 0 eng u | ||
| 035 | _a(Sirsi) u121333 | ||
| 245 | _aReports show increase in house prices | ||
| 260 | _c2003 | ||
| 490 |
_aHM Land Registry Press Release _v(LRP05/03) 10 February 2003; |
||
| 490 |
_aEstate Agency News _v(186) February 2003, 3(3) |
||
| 520 | _aThe average house price in England and Wales during the fourth quarter 2002 rose 22.24% from £118 827 in 2001 to £145 251, according to a survey by the HM Land Registry. The latest report from the National Association of Estate Agents (NAEA) also claims that the housing market will remain strong for the first half of 2003. http://www.landregistry.gov.uk/pressoffice/default.asp?fl=1&pubid=LRP05/03. | ||
| 590 | _aWB | ||
| 650 | _aHM LAND REGISTRY | ||
| 650 | _aNATIONAL ASSOCIATION OF ESTATE AGENTS | ||
| 650 | _aHOUSE PRICES | ||
| 650 | _aENGLAND | ||
| 650 | _aWALES | ||
| 650 | _aGROWTH | ||
| 690 | _aHOUSING | ||
| 942 | _n0 | ||
| 999 |
_c72101 _d72101 |
||